Online Catalogue and eLibrary

Newton Gunasinghe: (Record no. 998)

MARC details
000 -LEADER
fixed length control field 00527nam a2200217Ia 4500
005 - DATE AND TIME OF LATEST TRANSACTION
control field 20250317024647.0
008 - FIXED-LENGTH DATA ELEMENTS--GENERAL INFORMATION
fixed length control field 240331s9999 xx 000 0 und d
020 ## - INTERNATIONAL STANDARD BOOK NUMBER
ISBN 9559102088
082 ## - DDC Classification
Class No. 301
Item Number - Author Mark PER
DDC Edition Number 2739
245 #0 - TITLE STATEMENT
Title Newton Gunasinghe:
Remainder of title Selected Essays
260 ## - PUBLICATION, DISTRIBUTION, ETC.
Place of publication, distribution, etc. Colombo,
Name of publisher, distributor, etc. Social Scientists' Association
Date of publication, distribution, etc. 1996
300 ## - PHYSICAL DESCRIPTION
Extent (e.g. Volumes, Pages etc.) 239 p.,
650 ## - SUBJECT ADDED ENTRY--TOPICAL TERM
Topical term or geographic name entry element Agriculture
650 ## - SUBJECT ADDED ENTRY--TOPICAL TERM
Topical term or geographic name entry element Class
650 ## - SUBJECT ADDED ENTRY--TOPICAL TERM
Topical term or geographic name entry element Ethnicity
650 ## - SUBJECT ADDED ENTRY--TOPICAL TERM
Topical term or geographic name entry element Religion
650 ## - SUBJECT ADDED ENTRY--TOPICAL TERM
Topical term or geographic name entry element Politics
650 ## - SUBJECT ADDED ENTRY--TOPICAL TERM
Topical term or geographic name entry element Caste
700 ## - ADDED ENTRY--PERSONAL NAME
Personal name Perera, S
Relator term (Role) Editor
942 ## - Koha item type (Biblio)
Koha item type Books in Stacks (Lending)
Holdings
Lost status Damaged status Collection code Home library Current library Shelving location Date acquired Full call number Accession Number Item type
    Lending WERC Library WERC Library Social Science Cupboard 03/31/2024 301 PER 2739 Books in Stacks (Lending)

© WERC Library